| 000 | 00643nam a2200205Ia 4500 | ||
|---|---|---|---|
| 005 | 20241216011338.0 | ||
| 008 | 190429s9999||||xx |||||||||||||| ||und|| | ||
| 082 |
_a155.633 _bV46 |
||
| 100 | _aVENTURA ASCENCIO, DILMA BLANCA | ||
| 245 | 0 | _aACTITUDES QUE ADOPTAN LAS MADRES EN EL TRATAMIENTO QUE BRINDA LA UNIDAD DE REHIDRATACION ORAL DEL ASENTAMIENTO HUMANO COLUMNA PASCO | |
| 250 | _a0 | ||
| 260 |
_aCERRO DE PASCO-PERU _bUNDAC _c1990 |
||
| 300 |
_a65 pag. _c30 cm. |
||
| 341 | _h0 | ||
| 490 |
_v0 _a0 |
||
| 505 | _aMADRES-ACTITUDES | ||
| 541 |
_aD _bVENTURA ASCENCIO, DILMA _d13-Jun-95 _oSoles |
||
| 650 | _aEnfermerÃa | ||
| 942 | _cTESIS | ||
| 999 |
_c39351 _d39351 |
||